000 00510nam a22001817a 4500
005 20260529162415.0
010 _aENG-148670
020 _a9789349042018
_c195.00
035 _aEN-132202
037 _bDBAD
082 _a921
_21
245 _aThe Autobiography of Benjamin Franklin
250 _a1
260 _aChandigarh
_bThe Browser
_c2026
270 _bChandigarh
_aSCO 14-15, Sector 8-C
_e160009
_mservice@thebrowser.org
300 _a153p.
_c20cm(pb)
942 _2ddc
_cEN
_h921
_mAUT
999 _c216417
_d216417